Application of PCR-based serogrouping of salmonella enterica /
Saved in:
| Main Author: | |
|---|---|
| Format: | Thesis Book |
| Language: | English |
| Published: |
2010.
|
| Subjects: | |
| Online Access: | http://studentsrepo.um.edu.my/id/eprint/6092 |
| Tags: |
Add Tag
No Tags, Be the first to tag this record!
|
| LEADER | 01200cam a2200277 a 4500 | ||
|---|---|---|---|
| 001 | u797009 | ||
| 003 | SIRSI | ||
| 005 | 201009210944 | ||
| 008 | 100921s2010 my a t 000 0 eng m | ||
| 040 | |a UMM |d AUM |e rda | ||
| 090 | |a TP248.15 |b UM 2010 Nor | ||
| 100 | 1 | |a Nori, Mohammed ElBagir Mohammed ElHassan. | |
| 245 | 1 | 0 | |a Application of PCR-based serogrouping of salmonella enterica / |c Mohammed ElBagir Mohammed ElHassan Nori. |
| 260 | |c 2010. | ||
| 300 | |a xv, 95 leaves : |b ill. ; |c 30 cm. | ||
| 502 | |a Dissertation (M.Biotech.) -- Institut Sains Biologi, Fakulti Sains, Universiti Malaya, 2010. | ||
| 504 | |a Bibliography: leaves 53-64. | ||
| 650 | 0 | |a Nucleotide sequence. | |
| 650 | 0 | |a Salmonella |x Classification |x Technique. | |
| 650 | 0 | |a Bacteria |x Classification |x Technique. | |
| 710 | 2 | |a Universiti Malaya. |b Institut Sains Biologi. | |
| 856 | 4 | 1 | |u http://studentsrepo.um.edu.my/id/eprint/6092 |
| 900 | |a ZA | ||
| 596 | |a 1 25 | ||
| 999 | |a TP248.15 UM 2010 NOR |w LC |c 1 |i A514478766 |d 6/6/2017 |e 6/6/2017 |f 12/5/2011 |g 1 |l STACKS |m P01UTAMA |n 2 |r Y |s Y |t TESIS |u 10/5/2011 |1 STEM | ||
| 999 | |a TP248.15 UM 2010 NOR |w LC |c 1 |i A513576775 |f 20/7/2023 |g 1 |l STACKS |m P25UMARCHI |r N |s Y |t CD |u 20/7/2023 |1 STEM |o .STAFF. MST-CD5056 | ||
